000 00925nam a22002057a 4500
003 OSt
005 20241107105212.0
008 241106s2005 ag ||||| |||| 00| 0 spa d
020 _a9870400949
040 _cbesoc
245 0 0 _aNoches de pesadilla :
_bantología de cuentos de terror /
_cAmbrose Bierce ... [et al.]
260 _aBuenos Aires :
_bAlfaguara,
_c2005
300 _a142 p.
505 1 _tEl hombre y la serpiente /
_rAmbrose Bierce --
_tNapoleón y el espectro /
_rCharlotte Brontë --
_tLa pata de mono /
_rWilliam Wymark Jacobs --
_tRelato de los extraños sucesos de la calle Aungier /
_rJoseph Sheridan Le Fanu --
_tEl invitado de Drácula /
_rBram Stoker.-
650 4 _aLiteratura
_vCuentos
_xLengua inglesa
_ySiglo XIX
_ySiglo XX
700 1 _aBierce, Ambrose,
_d1842-1914?
_eautor,
700 1 _aBrontë, Charlotte,
_d1816-1855,
_eAutor
700 1 _aJacobs, William Wymark,
_d1863-1943,
_eAutor
942 _2udc
_cOG
_n0
999 _c373
_d373